Guía eclesiástica de Santiago 1975

Сохранить в:
Библиографические подробности
Соавтор: Arzobispado de Santiago de Chile (Автор)
Формат:
Язык:испанский
Опубликовано: Santiago Arzobispado de Santiago 1975
Предметы:
Метки: Добавить метку
Нет меток, Требуется 1-ая метка записи!

MARC

LEADER 00000nam a2200000 a 4500
001 UCI6824
003 CL-VaPUC
008 080530e19750000CL |||||||||||||||||spa|d
082 0 4 |a 262.006  |b ARZ  |2 21 
110 2 |a Arzobispado de Santiago de Chile  |e author  |9 529824 
245 1 0 |a Guía eclesiástica de Santiago 1975 
300 |a 408 p 
942 |c BK 
945 |d 20080530 00:00:00  |a rbrito 
260 |a Santiago  |b Arzobispado de Santiago  |c 1975 
500 |a Donación Padres Capuchinos 
650 0 |a Sacerdotes   |9 315705 
651 7 |a CHILE  |2 CL-VaPUC  |9 529825 
651 0 |a Santiago  |9 265444 
583 |a last modification  |c 20080530 00:00:00  |k Rodrigo Vera 
999 |c 330272  |d 330270 
952 |0 0  |1 0  |4 0  |6 262_006000000000000_ARZ_1975  |7 0  |8 X  |9 415759  |a FDOBUD  |b FDOBUD  |d 2019-11-22  |i 4444159  |o 262.006 ARZ 1975  |p 4444159  |r 2019-11-22  |w 2019-11-22  |y BK_X  |k BUD